Spatial variabilities of soils and landforms /

Guardado en:
Autores Corporativos: Soil Science Society of America. Division S-5., International Society of Soil Science.
Otros Autores: Mausbach, Maurice J., Wilding, Larry P.
Formato: Libro
Idioma:English
Publicado: Madison, Wis., USA : Soil Science Society of America, 1991.
Series:SSSA special publication ; no. 28
Etiquetas: Agregar Etiqueta
Sin Etiquetas, Sea el primero en etiquetar este registro!
LEADER 01081pam a2200241 a 4500
001 EEA.libagro009487
005 20161011121934.0
008 910716s1991####wiua#####b####100#0#eng##
020 |a 0891187987 
082 0 0 |a 631.47 
082 0 0 |a 333.7 
245 0 0 |a Spatial variabilities of soils and landforms /  |c editors, M.J. Mausbach and L.P. Wilding. 
260 |a Madison, Wis., USA :  |b Soil Science Society of America,  |c 1991. 
300 |a xvii, 270 p. :  |b il. ;  |c 24 cm. 
440 0 |a SSSA special publication ;  |v no. 28 
500 |a "Proceedings of an international symposium sponsored by Division S-5 of the Soil Science Society of America and the International Society of Soil Science in Las Vegas, Nevada, 17 October 1989." 
504 |a Incluye referencias bibliográficas. 
700 1 |a Mausbach, Maurice J. 
700 1 |a Wilding, Larry P. 
710 2 |a Soil Science Society of America.  |b Division S-5. 
710 2 |a International Society of Soil Science. 
859 |a AR-BbBCA  |b BIB. AGRONOMIA  |h 631.47  |i S683  |p 1998/3185 
859 |a AR-BbBCA  |b BIB. AGRONOMIA  |h 631.47  |i S683  |p 1998/3363  |t Ej.2